Martin Scorsese Movies - Statistics

General Stats
  • This quiz has been taken 24 times
  • The average score is 16 of 110
Answer Stats
Year Movie % Correct
1990 Goodfellas
91%
1995 Casino
86%
1976 Taxi Driver
86%
1980 Raging Bull
77%
2019 The Irishman
77%
2023 Killers of the Flower Moon
73%
1973 Mean Streets
73%
2006 The Departed
73%
2013 The Wolf of Wall Street
73%
2002 Gangs of New York
64%
2011 Hugo
59%
2016 Silence
55%
2004 The Aviator
55%
1985 After Hours
50%
2010 Shutter Island
50%
1991 Cape Fear
45%
1997 Kundun
41%
1977 New York, New York
41%
1982 The King of Comedy
41%
1974 Alice Doesn't Live Here Anymore
36%
1972 Boxcar Bertha
36%
1986 The Color of Money
36%
1988 The Last Temptation of Christ
36%
1999 Bringing Out the Dead
32%
1993 The Age of Innocence
32%
1989 New York Stories
27%
1967 Who's That Knocking at My Door
27%
1976 Cannonball
14%
2004 Shark Tale
14%
2019 Uncut Gems
14%
1995 Clockers
9%
1990 Dreams
9%
TBD In the Hand of Dante
9%
1994 Quiz Show
9%
1990 The Grifters
9%
TBD A Life of Jesus
5%
2015 Campus Code
5%
TBD Die, My Love
5%
1991 Guilty by Suspicion
5%
2023 Maestro
5%
TBD Outcome
5%
TBD Roosevelt
5%
1986 Round Midnight
5%
2021 The Card Counter
5%
1999 The Muse
5%
2019 The Souvenir
5%
2021 The Souvenir Part II
5%
2017 Abundant Acreage Available
0%
2017 A Ciambra
0%
2006 Alpha Dog
0%
2010 Animals United
0%
1983 Anna Pavlova
0%
2023 Asteroid City
0%
TBD Bastard
0%
2016 Bleed for This
0%
2001 Blow
0%
2004 Brides
0%
2005 Brooklyn Lobster
0%
2018 Diane
0%
1999 Dogma
0%
2024 Escape
0%
2004 Frankenstein
0%
2016 Free Fire
0%
2024 Funny Birds
0%
2008 Gomorrah
0%
1996 Grace of My Heart
0%
2018 Happy as Lazzaro
0%
TBD Home
0%
1980 In the Pope's Eye
0%
1997 Kicked in the Head
0%
2014 Life Itself
0%
2000 Love's Labour's Lost
0%
2008 Lymelife
0%
1993 Mad Dog and Glory
0%
2023 MaXXXine
0%
2015 Me and Earl and the Dying Girl
0%
2021 Midnight in the Switchgrass
0%
2021 Murina
0%
1993 Naked in New York
0%
2017 Night Job
0%
1995 Nothing But the Blues
0%
1969 Obsessions
0%
TBD Outrider
0%
2023 Pet Shop Days
0%
2020 Pieces of a Woman
0%
2019 Port Authority
0%
2001 Rain
0%
2014 Revenge of the Green Dragons
0%
1995 Rough Magic
0%
1995 Search and Destroy
0%
TBD Shipwrecks of Sicily
0%
2020 Shirley
0%
2009 Taking Woodstock
0%
2023 The Absence of Eden
0%
2017 The Current War
0%
2022 The Eternal Daughter
0%
2013 The Family
0%
1998 The Hi-Lo Country
0%
1992 The Player
0%
2017 The Snowman
0%
2014 The Third Side of the River
0%
2014 The Town That Dreaded Sundown
0%
1972 The Unholy Rollers
0%
2015 The Wannabe
0%
1993 The War Room
0%
2009 The Young Victoria
0%
2018 Tomorrow
0%
1994 With Closed Eyes
0%
1998 With Friends Like These...
0%
2000 You Can Count on Me
0%
No matching quizzes found
Score Distribution
Percent of People with Each Score
Percentile by Number Answered
Your Score History
You have not taken this quiz